000 00418nam a2200157 4500
001 113568
003 ES-MaACL
005 20230906185937.0
007 t|
008 061121s1909 fr r ||||1| fre d
100 1 _aPalante, Georges.
_988471
245 1 3 _aLa sensibilité individualiste /
_cpar G. Palante.
260 _aParis :
_bFélix Alcan,
_c1909.
300 _a140 p. ;
_c18 cm.
852 _aES-MaACL
_jF-11848
999 _c113568
_d113568